Score 0/26 Timer 03:00
0 Plays Today
Clue Answer % Correct
TV dinner holder.TRAY
91.8%
Lion's Hair.MANE
89.8%
Not yours.MINE
89.3%
Table supports.LEGS
87.1%
[First Rung] [Last Rung] 'Seven' actor■ BRAD ■
87%
[First Rung] [Last Rung] 'Fight Club' actor■ PITT ■
86.2%
Donkey cry.BRAY
86%
Moving air.WIND
83.8%
Of sound mind.SANE
83.2%
[First Rung] [Last Rung] Played 'Achilles' in this film.■ TROY ■
80.2%
Ships records.LOGS
77.3%
Prevails.WINS
76.9%
Turkey seasoning herb.SAGE
75.8%
Clue Answer % Correct
[First Rung] [Last Rung] Voiced 'Metro Man' in this film. [With 13]■ MIND ■
75.1%
Accompanied by.WITH
75%
Lengthy story.SAGA
72.4%
Not quite canter.TROT
72.2%
Cleverness.WITS
70.7%
Beyond Hope.LOST
67.7%
Pirate's plunder.LOOT
67.5%
Part of plant stem.PITH
66.1%
Sonic's company.SEGA
65.9%
Sum in red.LOSS
65.5%
Whistle sound.TOOT
64.9%
RAM units (slang).MEGS
60.2%
[First Rung] [Last Rung] Voiced 'Metro Man' in this film. [With 20]■ MEGA ■
57.2%

Today's Daily Dose

Missing Word
3 Word TV Shows

Word Ladder
Olsen Twins

Quick Pick
TLC Shows

You're not logged in!

Compare scores with friends on all Sporcle quizzes.
OR
Log In

Sporcle TV

Today on Sporcle TV


Watch our educational content, quiz creation guides, and fun videos on Sporcle TV.

Show Comments

Extras

Top Quizzes Today


Score Distribution

Paid Content

Your Account Isn't Verified!

In order to create a playlist on Sporcle, you need to verify the email address you used during registration. Go to your Sporcle Settings to finish the process.

Report this User

Report this user for behavior that violates our Community Guidelines.

Details: